Eastern Utah Libraries Catalog: Duchesne, Heber, Roosevelt, & Vernal

The Bad Guys (Record no. 374980)

MARC details
000 -LEADER
fixed length control field 05775cgm a2201057 i 4500
001 - CONTROL NUMBER
control field on1317709859
003 - CONTROL NUMBER IDENTIFIER
control field OCoLC
005 - DATE AND TIME OF LATEST TRANSACTION
control field 20231114124110.0
007 - PHYSICAL DESCRIPTION FIXED FIELD--GENERAL INFORMATION
fixed length control field vd cvaizq
008 - FIXED-LENGTH DATA ELEMENTS--GENERAL INFORMATION
fixed length control field 220516s2022 cau100 j vaeng d
024 1# - OTHER STANDARD IDENTIFIER
Standard number or code 191329152799
024 1# - OTHER STANDARD IDENTIFIER
Standard number or code 191329222911
028 42 - PUBLISHER NUMBER
Publisher number 1946213932
Source Universal
028 42 - PUBLISHER NUMBER
Publisher number 3992132094
Source Universal
028 42 - PUBLISHER NUMBER
Publisher number 1194545
Source Universal
028 42 - PUBLISHER NUMBER
Publisher number 2992132093
Source Universal
035 ## - SYSTEM CONTROL NUMBER
System control number (OCoLC)1317709859
037 ## - SOURCE OF ACQUISITION
Source of stock number/acquisition Midwest Tape
Note http://www.midwesttapes.com
040 ## - CATALOGING SOURCE
Original cataloging agency TEFMT
Language of cataloging eng
Description conventions rda
Transcribing agency TEFMT
Modifying agency OCLCQ
-- TEF
-- OCLCQ
-- TEFMT
-- INO
-- IUK
-- OCLCF
-- UINTA
041 1# - LANGUAGE CODE
Language code of text/sound track or separate title eng
-- fre
-- spa
Language code of original and/or intermediate translations of text eng
046 ## - SPECIAL CODED DATES
Beginning or single date created 2022
Source of date edtf
049 ## - LOCAL HOLDINGS (OCLC)
Holding library UCLB
050 #4 - LIBRARY OF CONGRESS CALL NUMBER
Classification number PN1997.2
Item number .B33 2022
082 04 - DEWEY DECIMAL CLASSIFICATION NUMBER
Classification number 791.43/72
Edition number 23
092 ## - LOCALLY ASSIGNED DEWEY CALL NUMBER (OCLC)
Classification number
245 04 - TITLE STATEMENT
Title The Bad Guys
250 ## - EDITION STATEMENT
Edition statement Collector's edition.
257 ## - COUNTRY OF PRODUCING ENTITY FOR ARCHIVAL FILMS
Country of producing entity United States
264 #1 - Production, Publication, Distribution, Manufacture, and Copyright Notice.
Place of production, publication, distribution, manufacture Universal City, CA :
Name of producer, publisher, distributor, manufacturer Universal Pictures presents ; a caper by DreamWorks Animation Studios ; directed by Pierre Perifel ; screenplay by Etan Cohen ; produced by Damon Ross, Rebecca Huntley.
Date of production, publication, distribution, manufacture, or copyr [2022]
300 ## - PHYSICAL DESCRIPTION
Extent 1 videodisc (100 min.) :
Other physical details sound, color ;
Dimensions 4 3/4 in.
336 ## - Content Type
Content type term two-dimensional moving image
337 ## - Media type
Media type term video
338 ## - Carrier type
Carrier type term videodisc
500 ## - GENERAL NOTE
General note Based on the book series by Aaron Blabey.
500 ## - GENERAL NOTE
General note Wide screen (2.39:1)
500 ## - GENERAL NOTE
General note Bonus features: Exclusive short, Maraschino ruby; Deleted scenes; Devise the plan: making The bad guys; Snake's frozen pop shop; Assemble the crew; It's showtime: cast table read; From the drawing room; Feature commentary with director Pierre Perifel, producer Damon Ross, head of story Nelson Yokota, head of character animation JP Sans and production designer Luc Desmarchelier.
508 ## - CREATION/PRODUCTION CREDITS NOTE
Creation/production credits note Music, Daniel Pemberton
511 1# - PARTICIPANT OR PERFORMER NOTE
Participant or performer note Sam Rockwell, Marc Maron, Awkwafina, Craig Robinson, Anthony Ramos, Richard Ayoade, Zazie Beetz, Alex Borstein, Lilly Singh.
520 ## - SUMMARY, ETC.
Summary, etc A crackerjack criminal crew of animal outlaws are about to attempt their most challenging con yet: becoming model citizens. Never have there been five friends as infamous as these guys: dashing pickpocket Mr. Wolf, seen-it-all safecracker Mr. Snake, chill master of disguise Mr. Shark, short-fused 'muscle' Mr. Piranha, and sharp-tongued expert hacker Ms. Tarantula, aka 'Webs.' But when, after years of countless heists and being the world's most-wanted villains, the gang is finally caught, Mr. Wolf brokers a deal to save them all from prison: they will go good. Under the tutelage of their mentor Professor Marmalade, an arrogant (but adorable!) guinea pig, they set out to fool the world that they've been transformed. Along the way, though, Mr. Wolf begins to suspect that doing good for real may give him what he's always secretly longed for: acceptance. So, when a new villain threatens the city, can Mr. Wolf persuade the rest of the gang to become the Good Guys?
521 8# - TARGET AUDIENCE NOTE
Target audience note MPA rating: PG; for action and rude humor.
538 ## - SYSTEM DETAILS NOTE
System details note DVD; Region 1, NTSC; Wide screen (2.39:1); described video; Dolby digital 5.1 (English, Espanol, Francais); Dolby digital 2.0 (English DVS).
546 ## - LANGUAGE NOTE
Language note English, French or Spanish dialogue; French or Spanish subtitles; subtitled for the deaf and hard of hearing (SDH); described video.
650 #0 - SUBJECT ADDED ENTRY--TOPICAL TERM
Topical term or geographic name as entry element Animals
Form subdivision Juvenile drama.
9 (RLIN) 5714203
650 #0 - SUBJECT ADDED ENTRY--TOPICAL TERM
Topical term or geographic name as entry element Crime
Form subdivision Juvenile drama.
9 (RLIN) 6450786
650 #0 - SUBJECT ADDED ENTRY--TOPICAL TERM
Topical term or geographic name as entry element Good and evil
Form subdivision Juvenile drama.
9 (RLIN) 5752159
650 #1 - SUBJECT ADDED ENTRY--TOPICAL TERM
Topical term or geographic name as entry element Animals
Form subdivision Drama.
9 (RLIN) 5740305
650 #1 - SUBJECT ADDED ENTRY--TOPICAL TERM
Topical term or geographic name as entry element Crime
Form subdivision Drama.
9 (RLIN) 5695137
650 #1 - SUBJECT ADDED ENTRY--TOPICAL TERM
Topical term or geographic name as entry element Good and evil
Form subdivision Drama.
9 (RLIN) 5674286
650 #7 - SUBJECT ADDED ENTRY--TOPICAL TERM
Topical term or geographic name as entry element Animals.
Source of heading or term fast
650 #7 - SUBJECT ADDED ENTRY--TOPICAL TERM
Topical term or geographic name as entry element Crime.
Source of heading or term fast
650 #7 - SUBJECT ADDED ENTRY--TOPICAL TERM
Topical term or geographic name as entry element Good and evil.
Source of heading or term fast
655 #7 - INDEX TERM--GENRE/FORM
Genre/form data or focus term Action and adventure films.
Source of term fast
655 #7 - INDEX TERM--GENRE/FORM
Genre/form data or focus term Animated films.
Source of term fast
655 #7 - INDEX TERM--GENRE/FORM
Genre/form data or focus term Children's films.
Source of term fast
655 #7 - INDEX TERM--GENRE/FORM
Genre/form data or focus term Comedy films.
Source of term fast
655 #7 - INDEX TERM--GENRE/FORM
Genre/form data or focus term Feature films.
Source of term fast
655 #7 - INDEX TERM--GENRE/FORM
Genre/form data or focus term Juvenile works.
Source of term fast
9 (RLIN) 5673941
655 #7 - INDEX TERM--GENRE/FORM
Genre/form data or focus term Video recordings for people with visual disabilities.
Source of term fast
9 (RLIN) 5676923
655 #7 - INDEX TERM--GENRE/FORM
Genre/form data or focus term Video recordings for the hearing impaired.
Source of term fast
655 #7 - INDEX TERM--GENRE/FORM
Genre/form data or focus term Action and adventure films.
Source of term lcgft
655 #7 - INDEX TERM--GENRE/FORM
Genre/form data or focus term Comedy films.
Source of term lcgft
655 #7 - INDEX TERM--GENRE/FORM
Genre/form data or focus term Caper films.
Source of term lcgft
9 (RLIN) 5732929
655 #7 - INDEX TERM--GENRE/FORM
Genre/form data or focus term Children's films.
Source of term lcgft
655 #7 - INDEX TERM--GENRE/FORM
Genre/form data or focus term Computer animation films.
Source of term lcgft
9 (RLIN) 5743741
655 #7 - INDEX TERM--GENRE/FORM
Genre/form data or focus term Animated films.
Source of term lcgft
655 #7 - INDEX TERM--GENRE/FORM
Genre/form data or focus term Feature films.
Source of term lcgft
655 #7 - INDEX TERM--GENRE/FORM
Genre/form data or focus term Fiction films.
Source of term lcgft
655 #7 - INDEX TERM--GENRE/FORM
Genre/form data or focus term Film adaptations.
Source of term lcgft
655 #7 - INDEX TERM--GENRE/FORM
Genre/form data or focus term Video recordings for the hearing impaired.
Source of term lcgft
655 #7 - INDEX TERM--GENRE/FORM
Genre/form data or focus term Video recordings for people with visual disabilities.
Source of term lcgft
9 (RLIN) 5676923
700 1# - ADDED ENTRY--PERSONAL NAME
Personal name Perifel, Pierre,
Relator term film director.
9 (RLIN) 6450787
700 1# - ADDED ENTRY--PERSONAL NAME
Personal name Cohen, Etan,
Relator term screenwriter.
9 (RLIN) 56407
700 1# - ADDED ENTRY--PERSONAL NAME
Personal name Ross, Damon
Titles and other words associated with a name (Producer),
Relator term film producer.
9 (RLIN) 6450788
700 1# - ADDED ENTRY--PERSONAL NAME
Personal name Huntley, Rebecca
Titles and other words associated with a name (Producer),
Relator term film producer.
9 (RLIN) 6450789
700 1# - ADDED ENTRY--PERSONAL NAME
Personal name Rockwell, Sam,
Relator term voice actor.
9 (RLIN) 65057
700 1# - ADDED ENTRY--PERSONAL NAME
Personal name Maron, Marc,
Relator term voice actor.
9 (RLIN) 5810799
700 0# - ADDED ENTRY--PERSONAL NAME
Personal name Awkwafina,
Dates associated with a name 1988-
Relator term voice actor.
9 (RLIN) 6450790
700 1# - ADDED ENTRY--PERSONAL NAME
Personal name Robinson, Craig,
Dates associated with a name 1971-
Relator term voice actor.
700 1# - ADDED ENTRY--PERSONAL NAME
Personal name Ramos, Anthony,
Relator term voice actor.
9 (RLIN) 5906100
700 1# - ADDED ENTRY--PERSONAL NAME
Personal name Ayoade, Richard,
Dates associated with a name 1977-
Relator term voice actor.
9 (RLIN) 5974288
700 1# - ADDED ENTRY--PERSONAL NAME
Personal name Beetz, Zazie,
Relator term voice actor.
9 (RLIN) 5750028
700 1# - ADDED ENTRY--PERSONAL NAME
Personal name Borstein, Alex,
Relator term voice actor.
9 (RLIN) 56075
700 1# - ADDED ENTRY--PERSONAL NAME
Personal name Singh, Lilly,
Dates associated with a name 1988-
Relator term voice actor.
9 (RLIN) 6450791
700 1# - ADDED ENTRY--PERSONAL NAME
Personal name Blabey, Aaron.
Title of a work Bad guys.
9 (RLIN) 5812768
710 2# - ADDED ENTRY--CORPORATE NAME
Corporate name or jurisdiction name as entry element Universal Pictures (Firm),
Relator term presnter,
-- publisher.
9 (RLIN) 19584
710 2# - ADDED ENTRY--CORPORATE NAME
Corporate name or jurisdiction name as entry element DreamWorks Animation,
Relator term production company.
9 (RLIN) 55935
730 02 - ADDED ENTRY--UNIFORM TITLE
Uniform title Bad Guys (Motion picture : 2022)
9 (RLIN) 6450792
730 02 - ADDED ENTRY--UNIFORM TITLE
Uniform title Bad Guys (Motion picture : 2022).
Language of a work French.
9 (RLIN) 6450793
730 02 - ADDED ENTRY--UNIFORM TITLE
Uniform title Bad Guys (Motion picture : 2022).
Language of a work Spanish.
9 (RLIN) 6450794
942 ## - ADDED ENTRY ELEMENTS (KOHA)
Source of classification or shelving scheme Dewey Decimal Classification
Koha item type DVD
Holdings
Withdrawn status Lost status Source of classification or shelving scheme Damaged status Not for loan Collection code Home library Current library Shelving location Date acquired Source of acquisition Total Checkouts Total Renewals Full call number Barcode Date last seen Date checked out Cost, replacement price Price effective from Koha item type
    Dewey Decimal Classification     Children Movies Wasatch County Library Wasatch County Library Audio Visual Area 07/28/2022 Micromarketing 34 39 E DVD Bad 34301001893173 11/04/2025 10/10/2025 23.98 07/28/2022 DVD
This project was made possible through a grant from the Institute of Museum and Library Service administered by the Utah State Library Division.

Wasatch County Library

  • 465 East 1200 South, Heber City, Utah 84032
  • Phone 435-654-1511 | Fax 435-654-6456

Hours

  • Monday - Friday 9:30 AM - 8:00 PM
  • Saturday 9:30 AM - 1:30 PM
  • Closed Sundays and Holidays